1344 1322 1429 1565 1184 1411 1050 1233 1738 1111 1883 1026 1540 1369 1147 1763 1026 1046 1251 1197 1969 1269 1374 1550 1908 1533 1685 1047 1190 1872 1088 1829 1720 1570 1486 1408 1377 1474 1179 1864 1686 1877 1957 1595 1340 1484 1100 1544 1188 1792 1882 1130 1877 1009 1629 1142 1269 1685 1944 1372 1746 1714 1170 1667 1371 1034 1658 1511 1769 1591 1393 1711 1753 1889 1675 1982 1118 1266 1952 1648 1391 1575 1847 1584 1606 1011 1908 1663 1117 1357 1813 1212 1033 1220 1411 1307 1551 1851 1969 BCNSPRNW ULIB Ver.6.0+V

เปลี่ยนเป็นภาษาไทย

Change to English
 แสดงรายละเอียดบรรณานุกรม
  กลับหน้าหลัก

Brief Record : Get Marc (ISO 2709) : E-mail record : QR code < ปิดหน้าต่าง
LEADER : 00000nam 2200000uu 4500
001    13399121371
003     ULIB
008    121022s2555||||th 000 0 tha d
099    วจ.QU55^bน196ผ
100 0  นภา ทองกิจ และคนอื่นๆ
245 00 ผลการให้บริการวิชาการความรู้เรื่องยา ของนักเรียนมัธยมศึกษาตอนต้น โรงเรียนหนองพระพิทยา อำเภอวังทอง จังหวัดพิษณุโลก/^cนภา ทองกิจ และคนอื่นๆ
260    พิษณุโลก:^bวิทยาลัยการสาธารณสุขสิรินธร จังหวัดพิษณุโลก,^c2555
300    35 หน้า,ภาคผนวก
650  7 ยา^xวิจัย
945    ^p0^l0^i033098
995    ทศพร
999    ^aใช้งานได้ทุกระบบ
รายการนี้ยังไม่มีแท็ก
คุณยังไม่ได้ล็อกอิน คุณสามารถมีกิจกรรมร่วมกับเว็บไซต์ได้ แต่ต้องล็อกอินก่อน ::
  ล็อกอิน

รายการสื่อสารสนเทศ

ลำดับที่ ประเภท เลขเรียก/บาร์โค้ด สถานที่ สถานะ
1. งานวิจัย
งานวิจัย
วจ.QU55 น196ผ ฉ.1 
  Barcode: 033098
ห้องสมุดวิทยาเขตสวรรค์ประชารักษ์
►วิจัย
บนชั้น

รายการใกล้เคียง
    ผู้แต่ง [นภา ทองกิจ และคนอื่นๆ]

BibComment


ยังไม่เคยถูกคอมเมนท์

คอมเมนท์ทรัพยากรรายการนี้
  คอมเมนท์: ผลการให้บริการวิช..


 Copyright 2026. Bcnsprnw @Library